[Event "Sentjur Ipavec Memorial U11"]
[Site "Sentjur"]
[Date "2011.09.20"]
[Round "8"]
[White "Majcen, Ana"]
[Black "Obreza, Rok"]
[Result "0-1"]
[WhiteElo "1500"]
[BlackElo "1500"]
[PlyCount "124"]
[EventDate "2011.09.14"]
[EventType "swiss"]
[EventRounds "9"]
[EventCountry "SLO"]
[SourceTitle "CBM 144 Extra"]
[Source "ChessBase"]
[SourceDate "2011.10.28"]
[SourceVersion "1"]
[SourceVersionDate "2011.10.28"]
[SourceQuality "1"]

1. e4 e5 2. Nf3 Nc6 3. Bb5 Nf6 4. Nc3 d5 5. Bxc6+ bxc6 6. exd5 cxd5 7. d4 e4 8. Bg5 exf3 9. Qxf3 Be6 10. Bxf6 Qxf6 11. Qe3 Bb4 12. 0-0 0-0 13. Nb5 Rab8 14. Nxc7 Rbc8 15. Na6 Bd6 16. b4 Qh4 17. h3 Rxc2 18. Rfc1 Rxf2 19. Qxf2 Bh2+ 20. Kxh2 Qxf2 21. Rc3 Qxd4 22. Rb3 Qxa1 23. a3 Qe5+ 24. Rg3 d4 25. Nc5 Bc4 26. Nd7 Qf4 27. Nxf8 Kxf8 28. a4 d3 29. b5 d2 30. b6 Qxg3+ 31. Kxg3 d1Q 32. b7 Qd8 33. a5 Qb8+ 34. Kf3 Qxb7+ 35. Ke3 Qxg2 36. Kd4 Bf1 37. Kc5 a6 38. Kb6 Qxh3 39. Kc7 Qc3+ 40. Kb6 Qb3+ 41. Kc7 Qb5 42. Kd6 Qb4+ 43. Kc6 Bb5+ 44. Kb6 Bd7+ 45. Kc7 Qxa5+ 46. Kd6 Qb5 47. Kc7 a5 48. Kd6 g5 49. Kc7 Qc5+ 50. Kxd7 g4 51. Kd8 a4 52. Kd7 Qd4+ 53. Kc6 a3 54. Kb5 a2 55. Ka5 a1R+ 56. Kb5 Qb2+ 57. Kc4 g3 58. Kd3 Rd1+ 59. Ke3 g2 60. Kf3 g1R 61. Kf4 Qe2 62. Kf5 Rdf1# 0-1

[Event "Sentjur Ipavec Memorial U11"]
[Site "Sentjur"]
[Date "2011.09.17"]
[Round "5"]
[White "Majcen, Maja"]
[Black "Obreza, Rok"]
[Result "0-1"]
[WhiteElo "1500"]
[BlackElo "1500"]
[PlyCount "102"]
[EventDate "2011.09.14"]
[EventType "swiss"]
[EventRounds "9"]
[EventCountry "SLO"]
[SourceTitle "CBM 144 Extra"]
[Source "ChessBase"]
[SourceDate "2011.10.28"]
[SourceVersion "1"]
[SourceVersionDate "2011.10.28"]
[SourceQuality "1"]

1. e4 e5 2. Nf3 Nc6 3. Bb5 Nf6 4. Bxc6 dxc6 5. Nxe5 Bd6 6. Nc4 0-0 7. Nxd6 Qxd6 8. 0-0 Nxe4 9. Qe1 Nf6 10. Nc3 Ng4 11. g3 Qh6 12. h4 Nf6 13. d3 Qh5 14. Bg5 Qg4 15. Bxf6 Qh3 16. Be7 Re8 17. Qe5 Qd7 18. Ne4 Rxe7 19. Qh5 Qg4 20. Qc5 Re6 21. Qd4 Re8 22. Nf6+ gxf6 23. Qxg4+ Bxg4 24. f3 Bh3 25. Rf2 Re3 26. g4 Rae8 27. Kh2 Bxg4 28. fxg4 Re2 29. Rxe2 Rxe2+ 30. Kg3 Rxc2 31. b3 Rd2 32. Rf1 Rxd3+ 33. Kg2 Rd2+ 34. Kg1 Rxa2 35. Rxf6 Rb2 36. g5 Rxb3 37. h5 a5 38. g6 hxg6 39. h6 a4 40. Rf4 a3 41. Rh4 Rb2 42. h7+ Kh8 43. Ra4 a2 44. Ra8+ Kxh7 45. Ra3 b5 46. Rh3+ Kg7 47. Ra3 b4 48. Ra7 b3 49. Kf1 Rc2 50. Ke1 b2 51. Rb7 a1Q# 0-1

[Event "Sentjur Ipavec Memorial U11"]
[Site "Sentjur"]
[Date "2011.09.17"]
[Round "4"]
[White "Petauer, Ana Marija"]
[Black "Obreza, Rok"]
[Result "0-1"]
[WhiteElo "1500"]
[BlackElo "1500"]
[PlyCount "72"]
[EventDate "2011.09.14"]
[EventType "swiss"]
[EventRounds "9"]
[EventCountry "SLO"]
[SourceTitle "CBM 144 Extra"]
[Source "ChessBase"]
[SourceDate "2011.10.28"]
[SourceVersion "1"]
[SourceVersionDate "2011.10.28"]
[SourceQuality "1"]

1. e4 Nc6 2. Nf3 Nf6 3. Nc3 g6 4. e5 Ng4 5. h3 Ngxe5 6. Nxe5 Nxe5 7. Qe2 Bg7 8. d3 0-0 9. Bh6 Nc6 10. Bxg7 Kxg7 11. Nd5 e6 12. Nf4 Kg8 13. 0-0-0 Qg5 14. Qe3 b6 15. Qe4 Bb7 16. f3 Na5 17. Qe3 Rfe8 18. Re1 e5 19. Nxg6 Qxg6 20. Qd2 Qg3 21. Qc3 c6 22. Re4 Qg5+ 23. Re3 Qxe3+ 24. Kb1 Qd4 25. Qxd4 exd4 26. b4 Re1+ 27. Kb2 c5 28. bxa5 bxa5 29. Rg1 Rb8 30. Ka3 Bd5 31. c4 Bxc4 32. dxc4 Reb1 33. g4 a4 34. Kxa4 R1b4+ 35. Ka5 Rb2 36. Ka6 Rxa2# 0-1

[Event "Sentjur Ipavec Memorial U11"]
[Site "Sentjur"]
[Date "2011.09.14"]
[Round "1"]
[White "Obreza, Rok"]
[Black "Unuk, Jan"]
[Result "0-1"]
[WhiteElo "1500"]
[BlackElo "1515"]
[PlyCount "32"]
[EventDate "2011.09.14"]
[EventType "swiss"]
[EventRounds "9"]
[EventCountry "SLO"]
[SourceTitle "CBM 144 Extra"]
[Source "ChessBase"]
[SourceDate "2011.10.28"]
[SourceVersion "1"]
[SourceVersionDate "2011.10.28"]
[SourceQuality "1"]

1. e4 d5 2. g3 dxe4 3. Bg2 Nf6 4. Ne2 Bg4 5. 0-0 Nc6 6. b3 e5 7. Bb2 Bd6 8. Nbc3 Qd7 9. Nxe4 0-0-0 10. Ng5 h6 11. Nf3 Nh7 12. d4 f6 13. d5 Ne7 14. Nc1 e4 15. Nh4 Bxd1 16. Rxd1 g5 0-1